創世記 : (Record no. 31684)
[ view plain ]
| 000 -LEADER | |
|---|---|
| fixed length control field | 00958nam a2200265 4500 |
| 003 - CONTROL NUMBER IDENTIFIER | |
| control field | OSt |
| 005 - DATE AND TIME OF LATEST TRANSACTION | |
| control field | 20150704144354.0 |
| 008 - FIXED-LENGTH DATA ELEMENTS--GENERAL INFORMATION | |
| fixed length control field | 080627s2001 -hk 000 0 chi d |
| 020 ## - INTERNATIONAL STANDARD BOOK NUMBER | |
| International Standard Book Number | 9622948839 HK84.10/USD10.84/Php482.20 |
| 020 ## - INTERNATIONAL STANDARD BOOK NUMBER | |
| International Standard Book Number | 9789622948839 |
| 050 ## - LIBRARY OF CONGRESS CALL NUMBER | |
| Classification number | BS498.C5 |
| 090 ## - LOCALLY ASSIGNED LC-TYPE CALL NUMBER (OCLC); LOCAL CALL NUMBER (OCLC) | |
| Classification number (OCLC) (R) ; Classification number, CALL (RLIN) (NR) | BS498.C5 |
| Local cutter number (OCLC) ; Book number/undivided call number, CALL (RLIN) | C44h |
| -- | v.2 |
| 100 1# - MAIN ENTRY--PERSONAL NAME | |
| Personal name | 丘恩處 Qiu, Enchu, |
| Dates associated with a name | 1929 - |
| 245 10 - TITLE STATEMENT | |
| Title | 創世記 : |
| Remainder of title | 中文聖經註釋 第二卷 =The book of Genesis / |
| Statement of responsibility, etc | 丘恩處, 1929- 丘恩處 [= Andrew Chiu] 著. ; Enchu Qiu |
| 260 ## - PUBLICATION, DISTRIBUTION, ETC. (IMPRINT) | |
| Place of publication, distribution, etc | Xianggang : |
| Name of publisher, distributor, etc | Jidu jiao wen yi chu ban she ; |
| Place of publication, distribution, etc | Hong Kong : |
| Name of publisher, distributor, etc | Chinese Christian Literature Council Ltd., |
| Date of publication, distribution, etc | 2001 |
| 260 1# - PUBLICATION, DISTRIBUTION, ETC. (IMPRINT) | |
| Place of publication, distribution, etc | 1992 |
| 300 ## - PHYSICAL DESCRIPTION | |
| Extent | 6, 585 p. ; |
| Dimensions | 22 cm. |
| 490 1# - SERIES STATEMENT | |
| Series statement | Chinese Bible commentary ; |
| Volume number/sequential designation | 2 |
| 490 1# - SERIES STATEMENT | |
| Series statement | 中文聖經註釋 = Zhong wen Sheng jing zhu shi ; |
| Volume number/sequential designation | di 2 juan |
| 630 04 - SUBJECT ADDED ENTRY--UNIFORM TITLE | |
| Uniform title | Bible. |
| Name of part/section of a work | O.T. |
| -- | Genesis |
| General subdivision | Commentaries {ch}. |
| 951 ## - EQUIVALENCE OR CROSS-REFERENCE-GEOGRAPHIC NAME/AREA NAME [OBSOLETE] [CAN/MARC only] | |
| General subdivision | 00036175 |
| 700 1# - ADDED ENTRY--PERSONAL NAME | |
| Personal name | Chiu, Andrew, |
| Dates associated with a name | 1929- |
| 942 ## - ADDED ENTRY ELEMENTS (KOHA) | |
| Source of classification or shelving scheme | Library of Congress Classification |
| Item type | Books |
| Withdrawn status | Lost status | Source of classification or shelving scheme | Damaged status | Not for loan | Home library | Current library | Shelving location | Date acquired | Serial Enumeration / chronology | Accession number | Shelving control number | Total Checkouts | Full call number | Barcode | Date last seen | Price effective from | Koha item type | Source of acquisition | Copy number |
|---|---|---|---|---|---|---|---|---|---|---|---|---|---|---|---|---|---|---|---|
| Library of Congress Classification | BSOP Library | BSOP Library | Reference Chinese | 12/21/2000 | v. 2 | C-8879 | 127 | BS498.C5 C44h | 00036175 | 02/23/2013 | 02/23/2013 | Books | |||||||
| Library of Congress Classification | BSOP Library | BSOP Library | Chinese Books (General Circulation) | 09/05/2014 | v. 2 | C-12180 | BS498.C5 C44h | 00044580 | 09/05/2014 | 09/05/2014 | Books | gift : Brother Daniel | |||||||
| Library of Congress Classification | BSOP Library | BSOP Library | Chinese Books (General Circulation) | 07/02/2015 | v.2 | C-14116 | BS498.C5 C44h v.2 c.3 | 00046519 | 07/02/2015 | 07/02/2015 | Books | Brother Daniel | c.3 | ||||||
| Library of Congress Classification | BSOP Library | BSOP Library | Chinese Books (General Circulation) | 07/04/2015 | v.2 | C-14531 | BS498.C5 C44h v.2 c.4 | 00046935 | 07/04/2015 | 07/04/2015 | Books | c.4 |
